000 00621naa a2200217 4500
005 20260312081340.0
008 a s1987 mx a spa
020 _a9684197365
050 _aF1235
_bA5 1987
050 _aF1235.5.A68
_bA3 1987
100 1 _aAlemán Valdés, Miguel
245 1 0 _aRemembranzas y testimonios
_c / Miguel Alemán Valdés
250 _a1a ed.
260 _aMéxico :
_bGrijalbo,
_c1987
300 _a437 p. ;
_c22 cm.
490 0 _aTestimonios
504 _aIncluye índice
600 1 4 _aAlemán, Miguel,
_d1905-1983
600 1 4 _aAvila Camacho, Manuel,
_d1897-1955
942 _2lcc
_cLIB
999 _c52698
_d52698